Brother, here's a man! (Record no. 44498)
[ view plain ]
| 000 -LEADER | |
|---|---|
| fixed length control field | 00846cam a22002891 4500 |
| 001 - CONTROL NUMBER | |
| control field | 1074179 |
| 003 - CONTROL NUMBER IDENTIFIER | |
| control field | OCoLC |
| 005 - DATE AND TIME OF LATEST TRANSACTION | |
| control field | 20181023133135.0 |
| 008 - FIXED-LENGTH DATA ELEMENTS--GENERAL INFORMATION | |
| fixed length control field | 760129s1940 nyucf 000 0beng |
| 010 ## - LIBRARY OF CONGRESS CONTROL NUMBER | |
| LC control number | 40014288 //r84 |
| 019 ## - | |
| -- | 2048961 |
| 040 ## - CATALOGING SOURCE | |
| Original cataloging agency | DLC |
| Transcribing agency | ALK |
| Modifying agency | DLC |
| -- | IXA |
| 049 1# - LOCAL HOLDINGS (OCLC) | |
| Holding library | IXAA |
| 050 0# - LIBRARY OF CONGRESS CALL NUMBER | |
| Classification number | D413.B6 |
| Item number | B4 |
| 051 ## - LIBRARY OF CONGRESS COPY, ISSUE, OFFPRINT STATEMENT | |
| Copy information | Copy 2. |
| 082 ## - DEWEY DECIMAL CLASSIFICATION NUMBER | |
| Classification number | 923.9 |
| 099 #1 - LOCAL FREE-TEXT CALL NUMBER (OCLC) | |
| Classification number | 910.4 |
| -- | B697Bb |
| 100 1# - MAIN ENTRY--PERSONAL NAME | |
| Personal name | Beattie, Kim. |
| 245 10 - TITLE STATEMENT | |
| Title | Brother, here's a man! |
| Remainder of title | The saga of Klondike Boyle, |
| Statement of responsibility, etc | by Kim Beattie ... with a foreword by Her late Majesty, Queen Marie of Rumania. |
| 260 ## - PUBLICATION, DISTRIBUTION, ETC. (IMPRINT) | |
| Place of publication, distribution, etc | New York, |
| Name of publisher, distributor, etc | The Macmillan co., |
| Date of publication, distribution, etc | 1940. |
| 300 ## - PHYSICAL DESCRIPTION | |
| Extent | xiv p. 2 l., 309 p. |
| Other physical details | front., pl., ports. |
| Dimensions | 22 cm. |
| 500 ## - GENERAL NOTE | |
| General note | "First printing." |
| 600 10 - SUBJECT ADDED ENTRY--PERSONAL NAME | |
| Personal name | Boyle, Joe, |
| Dates associated with a name | 1867-1923. |
| 915 ## - | |
| -- | (TxU)9702591 |
| 915 ## - | |
| -- | 1074179 |
| 945 ## - LOCAL PROCESSING INFORMATION (OCLC) | |
| a | 910.4 B697BB |
No items available.
